| 000 | 00710nam a22001815i 4500 | ||
|---|---|---|---|
| 001 | 160201 | ||
| 003 | ES-MaACL | ||
| 005 | 20230906211950.0 | ||
| 008 | 040923s1900 sp |||| | spa d | ||
| 040 |
_aCAM _bspa _cCAM |
||
| 100 | 1 |
_aMoreno Rodríguez, Leopoldo. _9130173 |
|
| 245 | 1 | 0 |
_aConsideraciones sobre unos casos de sífilis cerebral: memoria del doctorado / _cpor Leopoldo Moreno Rodríguez. |
| 260 |
_aSegovia : _b[s.n.], _c1900 ( _fImprenta de F. Santiuste) |
||
| 300 |
_a57 p. ; _c22 cm. |
||
| 594 | _aPrecede al tit.: Facultad de Medicina. | ||
| 650 | 4 |
_aCerebro- _xEnfermedades. _9152574 |
|
| 852 |
_aES-MaACL _jT-1048-F _z-- Enc. hol. conservando la cub. original _z-- Enc. en un vol. facticio |
||
| 999 |
_c160201 _d160201 |
||